| 000 | 00953cam a2200265 a 4500 | ||
|---|---|---|---|
| 999 |
_c7893 _d7893 |
||
| 001 | 1615039 | ||
| 003 | OSt | ||
| 005 | 20220504152338.0 | ||
| 008 | 950330s1995 enka b 001 0 eng | ||
| 010 | _a 95015264 | ||
| 020 | _z052154321X (hardback) | ||
| 040 |
_aDLC _cDLC _dDLC |
||
| 050 | 0 | 0 |
_aQD911 _b.N67 1995 |
| 082 | 0 | 0 | _a512.2NOW 1995 |
| 100 | 1 |
_aNowick, Arthur S. _916036 |
|
| 245 | 1 | 0 |
_aCrystal properties via group theory / _cArthur S. Nowick. |
| 260 |
_aCambridge ; _aNew York : _bCambridge University Press, _c1995. |
||
| 300 |
_axv, 228 p. : _bill. ; _c26 cm. |
||
| 504 | _aIncludes bibliographical references (p. 222-225) and index. | ||
| 650 | 0 |
_aCrystallography, Mathematical. _916037 |
|
| 650 | 0 |
_aGroup theory. _916038 |
|
| 906 |
_a7 _bcbc _corignew _d1 _eocip _f19 _gy-gencatlg |
||
| 942 |
_2ddc _cO_SHELF |
||